00973 2200217 4500245006700000020002200067250001100089100001500100700002400115700002100139650001200160650002000172650001600192005001900208260003700227041001400264084001100278300002800289500042900317336000900746 aSeri Lulus SKU Pramuka b : Penegak LaksanacM. SumantahText a978-602-7596-81-8 aCet. 1 aM. Sumanta aFitria Juwita Santi aNickyta Pramudia aPramuka aPenegak Laksana aSKU Pramuka a20240109144310 aJakartabPenerbit Erlanggac2015 aIndonesia a369.43 axiv, 168 hlm. :c20 cm. aDi dalam buku ini terdapat 22 syarat yang harus diselesaikan oleh anggota Pramuka Penegak yang berisi berbagai aktivitas yang sesuai untuk pembelajaran usia mereka. Mulai dari pembelajaran mengenai agama dan peribadatan, pengetahuan mengenai seluk beluk Gerakan Pramuka, pengetahuan mengenai kesehatan tubuh, dan dilengkapi permainan kelompok, cara membuat hasta karya, bernyanyi, dan berbagai aktivitas kepramukaan lainnya. atext